El mundo islámico (Record no. 19293)

MARC details
000 -LEADER
campo de control de longitud fija 00642nam a2200229 i 4500
001 - NÚMERO DE CONTROL
campo de control 19293
003 - IDENTIFICADOR DE NÚMERO DE CONTROL
campo de control ES-MaACL
005 - FECHA Y HORA DE LA ÚLTIMA TRANSACCIÓN
campo de control 20250815164339.0
007 - CAMPO FIJO DE DESCRIPCIÓN FÍSICA--INFORMACIÓN GENERAL
campo de control de longitud fija t|
008 - DATOS DE LONGITUD FIJA--INFORMACIÓN GENERAL
campo de control de longitud fija 020709s2002 sp ||||1| spa d
020 ## - NÚMERO INTERNACIONAL ESTÁNDAR DEL LIBRO
Número Internacional Estándar del Libro 84-7884-246-2
080 ## - NÚMERO DE LA CLASIFICACIÓN DECIMAL UNIVERSAL
Número de la Clasificación Decimal Universal 297
100 1# - ENTRADA PRINCIPAL--NOMBRE DE PERSONA
Nombre de persona Aruffo, Alessandro.
9 (RLIN) 23506
245 13 - MENCIÓN DEL TÍTULO
Título El mundo islámico
Resto del título : de Mahoma a hoy /
Mención de responsabilidad, etc. Alessandro Aruffo.
260 ## - PUBLICACIÓN, DISTRIBUCIÓN, ETC.
Lugar de publicación, distribución, etc. Madrid :
Nombre del editor, distribuidor, etc. Popular,
Fecha de publicación, distribución, etc. [2002]
300 ## - DESCRIPCIÓN FÍSICA
Extensión 223 p. ;
Dimensiones 21 cm.
490 1# - MENCIÓN DE SERIE
Mención de serie A la izquierda ;
Designación de volumen o secuencia 6
650 #7 - PUNTO DE ACCESO ADICIONAL DE MATERIA--TÉRMINO DE MATERIA
Término de materia o nombre geográfico como elemento de entrada Islamismo
Fuente del encabezamiento o término embne
9 (RLIN) 13903
830 0# - PUNTO DE ACCESO ADICIONAL DE SERIE-TÍTULO UNIFORME
Título uniforme A la izquierda ;
Designación de volumen o secuencia 6
9 (RLIN) 228873
852 ## - LOCALIZACIÓN
Ubicación ES-MaACL
Número de control de estantería L-25729
Sublocalización o colección R.131476
Holdings
Estatus retirado Estado de pérdida Estado de daño No para préstamo Biblioteca de origen Biblioteca actual Ubicación en estantería Fecha de adquisición Fuente de adquisición Total de préstamos Signatura topográfica completa Código de barras Visto por última vez Precio de reemplazo Tipo de ítem Koha
        Biblioteca del Ateneo de Madrid Biblioteca del Ateneo de Madrid Depósito 2 17/01/2008     L-25729 1019740 23/02/2023 23/02/2023 Libro impreso